00480nam a2200193 a 4500001001300000003000900013005001700022008004100039020000900080082001900089100002400108245002000132260004000152300000900192500003500201505001000236650001600246700002400262nice12345678IN_TiNIC20260116012844.0050524s1978 iraa grp 000 0 urd  ac1200a891.4391bTAH2 aTahera, Banu Sayeed aMahakte Veerane aIranbIdara-I-Adabiyat-I-Urduc1978 a248p aincludes index and biblioraphy2 aIndex aUrdu-Poetry1 aTahera, Banu Sayeed